000 00210 a2200097 4500
001 15559
100 _aGibbons, J F
245 _aSemiconductor Electronics
260 _a
_bMcgraw Hill
_c
090 _c12140
_d12140
942 _aNUST-CAE
_cM
_c2382
999 _c250632
_d250632